MARC

LEADER 00000nam a2200000 a 4500
001 vtls001359958
003 SK-MaSNL
005 20260302022446.0
008 160415s1998 xo 0 slo
015 |a SNBG1999/01-00567 
020 |a 8088735971 
035 |a SNK000313503 
040 |a SNK  |b slo  |c SNK  |e AACR2 
041 0 |a slo 
044 |a xo  |c SK 
080 |a 82:929:885.4(058)"1999"  |2 1981 
245 1 |a Slovenský literárny kalendár 1999  |h grafika  |c autori textu: Peter Andruška ... [et al.] ; autori fotografií: Peter Procházka a Pavel Kastl 
260 |a Bratislava  |b Spolok slovenských spisovateľov  |c 1998 
300 |a [56] listov  |b fotogr.  |c 22x21 cm 
500 |a Tlač obojs. 
650 0 7 |a slovenskí spisovatelia  |2 SNK  |9 1258 
655 7 |a stolové kalendáre  |2 SNK  |9 70755 
700 1 |a Andruška, Peter,  |d 1943-2024  |4 tex  |9 92598 
700 1 |a Bodacz, Bohuš,  |d 1955-2020  |4 tex  |9 105616 
700 1 |a Čavojský, Ladislav,  |d 1932-2014  |4 tex  |9 101804 
700 1 |a Makara, Sergej,  |d 1937-2022  |4 tex  |9 86033 
700 1 |a Moravčík, Štefan,  |d 1943-  |4 tex  |9 98697 
700 1 |a Podmaková, Dagmar,  |d 1953-  |4 tex  |9 102787 
700 1 |a Rezník, Jaroslav,  |d 1942-  |4 tex  |9 100140 
700 1 |a Škotka, Marian,  |d 1963-  |4 tex  |9 450051 
700 1 |a Procházka, Peter,  |d 1952-  |4 fot  |9 118814 
700 1 |a Kastl, Pavel,  |d 1953-  |4 fot  |9 224750 
919 |a 80-88735-97-1 
958 |a TL 
999 |c 1032821  |d 1034751 
952 |t P60, <03>, [BOOK], {603}  |a SNK  |b SNK  |y PREZ  |7 0  |p 17A0189368  |o snkOSC 20186  |i snkKSP 3966/99  |0 0  |1 0  |4 0  |d 1999-04-13  |l 0  |r 2005-01-02 00:00:00  |w 2026-02-24 
952 |t P60, <04>, [BOOK], {604}  |a SNK  |b SNK  |y VYP  |7 0  |p 17A0189369  |o snkOSC 20186 D1  |i snkKSP 3967/99  |0 0  |1 0  |4 0  |d 1999-04-13  |l 0  |r 2005-01-02 00:00:00  |w 2026-02-24